[Event "Regionalliga NW 1415"]
[Site "Bayern"]
[Date "2015.02.01"]
[Round "6.3"]
[White "Kirschneck, Toralf"]
[Black "Scheidt, Karlheinz"]
[Result "0-1"]
[WhiteElo "2095"]
[BlackElo "1981"]
[PlyCount "110"]
[EventDate "2014.10.19"]
[EventType "team-tourn"]
[EventRounds "9"]
[EventCountry "GER"]
[SourceTitle "EXT 2018"]
[Source "ChessBase"]
[SourceDate "2017.10.13"]
[SourceVersion "1"]
[SourceVersionDate "2017.10.13"]
[SourceQuality "1"]
[WhiteTeam "Marktleuthen"]
[BlackTeam "Rottendorf"]
[WhiteTeamCountry "GER"]
[BlackTeamCountry "GER"]

1. d4 g6 2. e4 Bg7 3. c4 Nc6 4. Nf3 e5 5. d5 Nd4 6. Nxd4 exd4 7. Bd3 d6 8. 0-0 Nf6 9. Bg5 h6 10. Bh4 g5 11. Bg3 Ng4 12. h3 Ne5 13. f4 gxf4 14. Bxf4 Ng6 15. Qh5 Nxf4 16. Rxf4 0-0 17. h4 Qe7 18. Nd2 Qe5 19. Qf3 h5 20. Rf1 Bh6 21. g3 Kh8 22. Rxf7 Rxf7 23. Qxf7 Qxg3+ 24. Kh1 Qh3+ 25. Kg1 Be3+ 26. Rf2 Qg3+ 27. Kf1 Bh3+ 28. Ke1 Bxf2+ 29. Qxf2 Qg7 30. Nb3 Rf8 31. Qxd4 b6 32. Qe3 Bg4 33. Nd4 Qf6 34. Be2 Qxh4+ 35. Kd2 Qf6 36. b3 Qf4 37. Qxf4 Rxf4 38. Ke3 Rf7 39. Bxg4 hxg4 40. Nf5 Rh7 41. Kf4 Rh2 42. Kxg4 Rxa2 43. Kf4 Kg8 44. Nd4 Kf7 45. Ke3 Ke7 46. Kd3 a6 47. Kc3 Rh2 48. Nc6+ Kf6 49. b4 Rh3+ 50. Kd4 Rb3 51. c5 Rxb4+ 52. Kd3 bxc5 53. Nd8 a5 54. Ne6 a4 55. Nxc7 a3 0-1

[Event "Regionalliga NW 1415"]
[Site "Bayern"]
[Date "2015.01.18"]
[Round "5.2"]
[White "Steinhauser, Thomas"]
[Black "Scheidt, Karlheinz"]
[Result "1-0"]
[WhiteElo "2031"]
[BlackElo "1981"]
[PlyCount "95"]
[EventDate "2014.10.19"]
[EventType "team-tourn"]
[EventRounds "9"]
[EventCountry "GER"]
[SourceTitle "EXT 2018"]
[Source "ChessBase"]
[SourceDate "2017.10.13"]
[SourceVersion "1"]
[SourceVersionDate "2017.10.13"]
[SourceQuality "1"]
[WhiteTeam "Prichsenstadt"]
[BlackTeam "Rottendorf"]
[WhiteTeamCountry "GER"]
[BlackTeamCountry "GER"]

1. e4 g6 2. d4 Bg7 3. Nc3 c6 4. Nf3 d5 5. h3 dxe4 6. Nxe4 Bf5 7. Ng3 Be6 8. Be2 Nf6 9. 0-0 0-0 10. Re1 Nbd7 11. Ng5 Bd5 12. c4 h6 13. cxd5 hxg5 14. dxc6 bxc6 15. Bxg5 Qb6 16. Bf3 e6 17. Qd2 Nd5 18. Red1 Rfb8 19. Rab1 Qa6 20. b3 Qa3 21. Rbc1 Rb4 22. Ne2 Rc8 23. Bxd5 exd5 24. Be7 c5 25. dxc5 Re4 26. Bd6 Rce8 27. Ng3 Rd4 28. Qc2 Nb8 29. Bxb8 Rxb8 30. Ne2 Rxd1+ 31. Rxd1 Rd8 32. Nd4 Rc8 33. c6 Qb4 34. Qd2 Qc5 35. b4 Qc4 36. a3 a6 37. Qd3 Rd8 38. g3 Rc8 39. Kg2 Bf6 40. h4 Rd8 41. h5 gxh5 42. Qf5 Rd6 43. Qf4 Rxc6 44. Nxc6 Qxc6 45. Qf3 Qe6 46. Qxd5 Qg4 47. Qf3 Qe6 48. Qxh5 1-0

[Event "Regionalliga NW 1314"]
[Site "Bayern"]
[Date "2014.04.06"]
[Round "9.2"]
[White "Vitek, Vaclav"]
[Black "Scheidt, Karlheinz"]
[Result "0-1"]
[WhiteElo "1943"]
[BlackElo "2054"]
[PlyCount "74"]
[EventDate "2013.10.13"]
[EventType "team-tourn"]
[EventRounds "9"]
[EventCountry "GER"]
[SourceTitle "EXT 2015"]
[Source "ChessBase"]
[SourceDate "2014.11.20"]
[SourceVersion "1"]
[SourceVersionDate "2014.11.20"]
[SourceQuality "1"]
[WhiteTeam "Thiersheim"]
[BlackTeam "Rottendorf"]
[WhiteTeamCountry "GER"]
[BlackTeamCountry "GER"]

1. d4 g6 2. Bf4 Bg7 3. c3 Nf6 4. Nd2 0-0 5. e3 d6 6. Be2 c5 7. Ngf3 Nc6 8. 0-0 cxd4 9. exd4 e5 10. dxe5 dxe5 11. Nxe5 Nd5 12. Nxc6 bxc6 13. Be3 Nxe3 14. fxe3 Qg5 15. Rf3 Be5 16. h3 Bc7 17. Bc4 Bf5 18. Qe2 Rab8 19. b3 Rbe8 20. Bd3 Bxd3 21. Qxd3 Rd8 22. Qc2 Qe5 23. Nc4 Qh2+ 24. Kf2 Rd5 25. Rg1 Rfd8 26. Qc1 Rg5 27. Qf1 Bg3+ 28. Ke2 Bd6 29. Rxf7 Bb8 30. Rf2 Qc7 31. Rf4 c5 32. Rg4 Rxg4 33. hxg4 Qd7 34. Qf3 Qd3+ 35. Ke1 Qb1+ 36. Kf2 Qc2+ 37. Ke1 Bg3+ 0-1

[Event "Regionalliga NW 1314"]
[Site "Bayern"]
[Date "2014.02.23"]
[Round "7.2"]
[White "Scheidt, Karlheinz"]
[Black "Arens, Johannes"]
[Result "0-1"]
[WhiteElo "2054"]
[BlackElo "2145"]
[PlyCount "98"]
[EventDate "2013.10.13"]
[EventType "team-tourn"]
[EventRounds "9"]
[EventCountry "GER"]
[SourceTitle "EXT 2015"]
[Source "ChessBase"]
[SourceDate "2014.11.20"]
[SourceVersion "1"]
[SourceVersionDate "2014.11.20"]
[SourceQuality "1"]
[WhiteTeam "Rottendorf"]
[BlackTeam "Prichsenstadt"]
[WhiteTeamCountry "GER"]
[BlackTeamCountry "GER"]

1. e4 c5 2. Nf3 e6 3. d3 Nc6 4. g3 d6 5. Bg2 Be7 6. 0-0 Nf6 7. c3 0-0 8. Nbd2 Qc7 9. Qe2 b6 10. e5 Nd5 11. exd6 Bxd6 12. Ne4 Be7 13. h4 Ba6 14. h5 h6 15. Re1 Rad8 16. a3 Rd7 17. c4 Nf6 18. b4 cxb4 19. axb4 Nxe4 20. Qxe4 Nxb4 21. Ne5 Bb7 22. Qg4 Bxg2 23. Bxh6 Bf6 24. Nxd7 Qxd7 25. Bxg7 Bxg7 26. h6 Qd4 27. Qxg7+ Qxg7 28. hxg7 Rd8 29. Red1 a5 30. Kxg2 Rxd3 31. Rdc1 Kxg7 32. c5 bxc5 33. Rxa5 Rd2 34. Raxc5 Nd3 35. R1c3 Rxf2+ 36. Kg1 Nxc5 37. Rxc5 Ra2 38. Rc6 Kg6 39. Rb6 Kf5 40. Rb4 e5 41. Kf1 f6 42. Rc4 Kg5 43. Re4 Rd2 44. Ra4 f5 45. Ra5 e4 46. Rb5 Kg4 47. Ra5 Rd3 48. Kf2 Rf3+ 49. Ke2 Rxg3 0-1

[Event "Karl Mala Memorial op 13th"]
[Site "Frankfurt"]
[Date "2010.07.11"]
[Round "6"]
[White "Poetsch, Hagen"]
[Black "Scheidt, Karlheinz"]
[Result "1-0"]
[WhiteElo "2392"]
[BlackElo "2181"]
[PlyCount "115"]
[EventDate "2010.07.08"]
[EventType "swiss"]
[EventRounds "7"]
[EventCountry "GER"]
[SourceTitle "EXT 2012"]
[Source "ChessBase"]
[SourceDate "2011.11.24"]
[SourceVersion "1"]
[SourceVersionDate "2011.11.24"]
[SourceQuality "1"]

1. e4 g6 2. d4 Bg7 3. c4 Nc6 4. Nf3 e5 5. Bg5 f6 6. Be3 d6 7. Be2 exd4 8. Nxd4 Nge7 9. Nc3 0-0 10. 0-0 f5 11. exf5 Nxf5 12. Nxf5 Bxf5 13. Qb3 Nd4 14. Bxd4 Bxd4 15. c5+ Kh8 16. cxd6 cxd6 17. Rad1 Bg7 18. Bf3 Be5 19. Rfe1 Qg5 20. Nb5 Rae8 21. Nxd6 Be6 22. Qb5 Bc4 23. Rxe5 Rxe5 24. Qxc4 Qf6 25. Qc3 b6 26. h3 Qg7 27. Bd5 Re7 28. Ne4 Qe5 29. g3 Rd8 30. f4 Qg7 31. Qxg7+ Kxg7 32. Nc3 Rc7 33. Kf2 b5 34. a3 a5 35. Bb3 Rb8 36. Rd4 Rcb7 37. Ne4 a4 38. Nc5 Re7 39. Bd1 Rc8 40. Rd5 h6 41. Be2 Rb8 42. Na6 Rb6 43. Nb4 Reb7 44. Ke3 Re6+ 45. Kf3 Reb6 46. g4 Kf6 47. Bd3 Kf7 48. h4 Kg7 49. g5 h5 50. Ke4 Re6+ 51. Re5 Rd6 52. Rxb5 Rxb5 53. Bxb5 Rd2 54. Nd3 Rh2 55. Bxa4 Rxh4 56. Nf2 Rh2 57. Kf3 h4 58. Bd7 1-0

[Event "Karl Mala Memorial op 13th"]
[Site "Frankfurt"]
[Date "2010.07.08"]
[Round "1"]
[White "Scheidt, Karlheinz"]
[Black "Pfeifer, Frank"]
[Result "1-0"]
[WhiteElo "2181"]
[BlackElo "1753"]
[PlyCount "93"]
[EventDate "2010.07.08"]
[EventType "swiss"]
[EventRounds "7"]
[EventCountry "GER"]
[SourceTitle "EXT 2012"]
[Source "ChessBase"]
[SourceDate "2011.11.24"]
[SourceVersion "1"]
[SourceVersionDate "2011.11.24"]
[SourceQuality "1"]

1. e4 Nf6 2. e5 Nd5 3. d4 d6 4. Nf3 Nb6 5. a4 Bg4 6. a5 N6d7 7. Be2 e6 8. Ng5 Bxe2 9. Qxe2 dxe5 10. Qf3 Qe7 11. a6 Nxa6 12. Rxa6 exd4 13. Qxb7 Qb4+ 14. Qxb4 Bxb4+ 15. Bd2 Bc5 16. 0-0 h6 17. Ne4 Bb6 18. Na3 f5 19. Ng3 Nc5 20. Ra5 Bxa5 21. Bxa5 Na6 22. Nc4 0-0-0 23. Bd2 Rd5 24. Re1 Re8 25. Nh5 Re7 26. Nf4 Rc5 27. b3 Kd7 28. Nd3 Rb5 29. Nde5+ Ke8 30. Ra1 Nb4 31. Bxb4 Rxb4 32. Nc6 Rxc4 33. bxc4 Rd7 34. Ne5 Rd6 35. Rxa7 Rb6 36. g3 Rb2 37. Rxc7 Rxc2 38. Rxg7 Re2 39. f4 Rd2 40. c5 d3 41. Rd7 Rd1+ 42. Kf2 d2 43. Rd6 Ke7 44. Ke2 Rc1 45. Kxd2 Rxc5 46. Rd7+ Ke8 47. Rh7 1-0

[Event "Oberliga Bayern 0809"]
[Site "Bayern"]
[Date "2009.03.01"]
[Round "7.4"]
[White "Stross, Frantisek"]
[Black "Scheidt, Karlheinz"]
[Result "0-1"]
[WhiteElo "2298"]
[BlackElo "2082"]
[PlyCount "78"]
[EventDate "2008.10.05"]
[EventType "team-tourn"]
[EventRounds "9"]
[EventCountry "GER"]
[SourceTitle "EXT 2020"]
[Source "ChessBase"]
[SourceDate "2019.10.17"]
[SourceVersion "1"]
[SourceVersionDate "2019.10.17"]
[SourceQuality "1"]
[WhiteTeam "Koenigshofen"]
[BlackTeam "Burgsinn"]
[WhiteTeamCountry "GER"]
[BlackTeamCountry "GER"]

1. e4 g6 2. d4 Bg7 3. Nc3 c6 4. Nf3 d6 5. Be3 Nd7 6. Qd2 Qc7 7. a4 e5 8. Bc4 Ngf6 9. dxe5 dxe5 10. h3 0-0 11. 0-0 Re8 12. Ng5 Re7 13. f4 h6 14. Nf3 Nh5 15. f5 Nb6 16. Bb3 gxf5 17. Bxh6 f4 18. Bg5 Re8 19. a5 Nd7 20. Rfd1 Bf8 21. Bh4 Bc5+ 22. Kh2 Be3 23. Qe2 Nc5 24. Bc4 Ng7 25. Bf2 Bxf2 26. Qxf2 Qe7 27. b4 Nd7 28. Rab1 a6 29. Na4 Nh5 30. Nc5 Ng3 31. Bd3 Nf6 32. c3 Kg7 33. Ng1 Rh8 34. Be2 Nfxe4 35. Nxe4 Nxe4 36. Qe1 Qg5 37. Nf3 Qg3+ 38. Qxg3+ fxg3+ 39. Kg1 Nxc3 0-1

[Event "Oberliga Bayern 0809"]
[Site "Bayern"]
[Date "2008.11.30"]
[Round "3.5"]
[White "Scheidt, Karlheinz"]
[Black "Kaunzinger, Albert"]
[Result "1-0"]
[WhiteElo "2086"]
[BlackElo "2154"]
[PlyCount "53"]
[EventDate "2008.10.05"]
[EventType "team-tourn"]
[EventRounds "9"]
[EventCountry "GER"]
[SourceTitle "EXT 2020"]
[Source "ChessBase"]
[SourceDate "2019.10.17"]
[SourceVersion "1"]
[SourceVersionDate "2019.10.17"]
[SourceQuality "1"]
[WhiteTeam "Burgsinn"]
[BlackTeam "Groebenzell"]
[WhiteTeamCountry "GER"]
[BlackTeamCountry "GER"]

1. e4 d5 2. exd5 Qxd5 3. Nc3 Qa5 4. d4 c6 5. Bc4 Bf5 6. Nf3 e6 7. Bd2 Qb6 8. Qe2 Nf6 9. 0-0-0 Nbd7 10. h3 Bb4 11. g4 Bg6 12. a3 Bxc3 13. Bxc3 Nd5 14. Bd2 N7f6 15. h4 Be4 16. g5 Bxf3 17. Qxf3 Qxd4 18. gxf6 Qxc4 19. fxg7 Rg8 20. Bh6 Qa2 21. c3 a5 22. Rhe1 Ra6 23. Rxe6+ fxe6 24. Qf8+ Rxf8 25. gxf8Q+ Kd7 26. Qf7+ Kd6 27. Bf8+ 1-0

[Event "Oberliga Bayern 0809"]
[Site "Bayern"]
[Date "2008.10.26"]
[Round "2.3"]
[White "Kempter, Ronald"]
[Black "Scheidt, Karlheinz"]
[Result "1/2-1/2"]
[WhiteElo "2223"]
[BlackElo "2086"]
[PlyCount "28"]
[EventDate "2008.10.05"]
[EventType "team-tourn"]
[EventRounds "9"]
[EventCountry "GER"]
[SourceTitle "EXT 2020"]
[Source "ChessBase"]
[SourceDate "2019.10.17"]
[SourceVersion "1"]
[SourceVersionDate "2019.10.17"]
[SourceQuality "1"]
[WhiteTeam "Krumbach"]
[BlackTeam "Burgsinn"]
[WhiteTeamCountry "GER"]
[BlackTeamCountry "GER"]

1. Nf3 Nf6 2. g3 g6 3. Bg2 Bg7 4. 0-0 0-0 5. c4 d6 6. d4 Nbd7 7. Nc3 e5 8. dxe5 dxe5 9. h3 c6 10. e4 Qe7 11. Qc2 a5 12. b3 Re8 13. Bb2 h6 14. Rfd1 Nh7 1/2-1/2

[Event "Landesliga Nord 0708"]
[Site "Bayern"]
[Date "2008.04.20"]
[Round "9.6"]
[White "Sargin, Anatol"]
[Black "Scheidt, Karlheinz"]
[Result "1-0"]
[WhiteElo "2102"]
[BlackElo "2086"]
[PlyCount "63"]
[EventDate "2007.10.21"]
[EventType "team-tourn"]
[EventRounds "9"]
[EventCountry "GER"]
[SourceTitle "EXT 2009"]
[Source "ChessBase"]
[SourceDate "2008.11.26"]
[SourceVersion "1"]
[SourceVersionDate "2008.11.26"]
[SourceQuality "1"]
[WhiteTeam "Nuernberg NT II"]
[BlackTeam "Burgsinn"]
[WhiteTeamCountry "GER"]
[BlackTeamCountry "GER"]

1. e4 d6 2. d4 Nf6 3. Nc3 c6 4. f4 Qb6 5. Be2 e5 6. Nf3 Nbd7 7. 0-0 Be7 8. Kh1 exd4 9. Nxd4 Nc5 10. e5 Nfe4 11. Nxe4 Nxe4 12. Bf3 d5 13. Bxe4 dxe4 14. f5 c5 15. Nb3 Bd7 16. Qe2 Bc6 17. Rd1 Qc7 18. Bf4 Qc8 19. f6 gxf6 20. exf6 Bxf6 21. Nxc5 Qf5 22. Be3 0-0 23. Rf1 Qg6 24. Rf4 h5 25. Raf1 Be7 26. Rf5 h4 27. R1f4 Kh7 28. Rh5+ Kg8 29. Rg4 Rad8 30. Ne6 Bb5 31. Rxg6+ fxg6 32. Rxb5 1-0

[Event "Unterfranken-ch M1 59th"]
[Site "Rieneck"]
[Date "2008.03.28"]
[Round "8"]
[White "Scheidt, Karlheinz"]
[Black "Kwossek, Georg"]
[Result "1/2-1/2"]
[WhiteElo "2100"]
[BlackElo "1942"]
[PlyCount "132"]
[EventDate "2008.03.24"]
[EventType "swiss"]
[EventRounds "9"]
[EventCountry "GER"]
[SourceTitle "EXT 2015"]
[Source "ChessBase"]
[SourceDate "2014.11.20"]
[SourceVersion "1"]
[SourceVersionDate "2014.11.20"]
[SourceQuality "1"]

1. e4 e6 2. d3 d5 3. Nd2 e5 4. Ngf3 Nc6 5. g3 Nf6 6. Bg2 dxe4 7. dxe4 Bc5 8. 0-0 0-0 9. h3 Be6 10. Qe2 Qe7 11. c3 a5 12. a4 Nd7 13. Nc4 f6 14. Ne3 Qf7 15. Nh4 Kh8 16. Kh2 Nb6 17. Bf3 Rad8 18. Bg2 Bc4 19. Nxc4 Qxc4 20. Bf3 Rd3 21. b3 Qxc3 22. Bb2 Qd2 23. Rac1 Bb4 24. Qxd2 Bxd2 25. Rc2 Rfd8 26. Be2 Rxb3 27. Rd1 Nxa4 28. Ba1 Bc3 29. Rxd8+ Nxd8 30. Bxc3 Rxc3 31. Rd2 Ne6 32. Ra2 Nac5 33. Rxa5 g6 34. Bg4 Rc2 35. Kg2 Kg7 36. Ra7 b6 37. Kf1 h5 38. Be2 Rc1+ 39. Kg2 Rc2 40. Bf3 Rc4 41. Ra8 Rc3 42. Re8 Kf7 43. Rh8 Nf8 44. Nxg6 Nxg6 45. Rh7+ Kg8 46. Rxc7 h4 47. Rc6 hxg3 48. fxg3 Rc2+ 49. Kg1 Rc1+ 50. Kf2 Rc2+ 51. Kg1 b5 52. Rxf6 Kg7 53. Rb6 Rb2 54. h4 b4 55. h5 Ne7 56. h6+ Kh7 57. g4 Rb1+ 58. Kh2 b3 59. g5 b2 60. Be2 Ng6 61. Bg4 Rf1 62. Rxb2 Nxe4 63. Rb7+ Kg8 64. Bh5 Nxg5 65. Bxg6 Rf8 66. Re7 e4 1/2-1/2

[Event "Unterfranken-ch M1 59th"]
[Site "Rieneck"]
[Date "2008.03.26"]
[Round "4"]
[White "Scheidt, Karlheinz"]
[Black "Hofstetter, Hans Joachim"]
[Result "1-0"]
[WhiteElo "2100"]
[BlackElo "2112"]
[PlyCount "82"]
[EventDate "2008.03.24"]
[EventType "swiss"]
[EventRounds "9"]
[EventCountry "GER"]
[SourceTitle "EXT 2015"]
[Source "ChessBase"]
[SourceDate "2014.11.20"]
[SourceVersion "1"]
[SourceVersionDate "2014.11.20"]
[SourceQuality "1"]

1. e4 e5 2. Nf3 Nc6 3. Bb5 a6 4. Ba4 Nf6 5. 0-0 Be7 6. Re1 b5 7. Bb3 0-0 8. h3 d6 9. c3 Re8 10. d4 Bf8 11. a4 Bb7 12. Nbd2 h6 13. Bc2 exd4 14. cxd4 Nb4 15. Bb1 c5 16. d5 Nd7 17. Ra3 c4 18. axb5 axb5 19. Nd4 Qb6 20. Nf5 Ne5 21. Rg3 g6 22. Nf3 Nbd3 23. Be3 Qd8 24. Nxe5 dxe5 25. Bxd3 cxd3 26. Nxh6+ Bxh6 27. Bxh6 Ra2 28. Qxd3 Rxb2 29. Qa3 Rc2 30. Qa7 Qc7 31. Qe3 Ra8 32. Bg5 Kg7 33. Rf3 Ra6 34. Bh6+ Kg8 35. Qg5 Qd6 36. Qh4 f6 37. Rg3 Kf7 38. Qg4 f5 39. exf5 Qxd5 40. fxg6+ Kg8 41. Rd1 Qxg2+ 1-0

[Event "Unterfranken-ch M1 59th"]
[Site "Rieneck"]
[Date "2008.03.25"]
[Round "3"]
[White "Golda, Harald"]
[Black "Scheidt, Karlheinz"]
[Result "1-0"]
[WhiteElo "2273"]
[BlackElo "2100"]
[PlyCount "75"]
[EventDate "2008.03.24"]
[EventType "swiss"]
[EventRounds "9"]
[EventCountry "GER"]
[SourceTitle "EXT 2015"]
[Source "ChessBase"]
[SourceDate "2014.11.20"]
[SourceVersion "1"]
[SourceVersionDate "2014.11.20"]
[SourceQuality "1"]

1. Nf3 g6 2. g3 Bg7 3. Bg2 Nf6 4. 0-0 0-0 5. d4 d5 6. c4 dxc4 7. Ne5 Nc6 8. Nxc6 bxc6 9. Bxc6 Rb8 10. Nc3 Bh3 11. Bg2 Bxg2 12. Kxg2 Nd5 13. Qa4 Nb6 14. Qc6 Qd6 15. Qxd6 cxd6 16. Rd1 Rfc8 17. Be3 Nd7 18. Rab1 Rb7 19. b3 cxb3 20. Nd5 Kf8 21. Rxb3 Rxb3 22. axb3 e6 23. Nf4 d5 24. Ra1 Rc7 25. Nd3 f6 26. Ra6 Kf7 27. Bd2 Bf8 28. Ba5 Rb7 29. Rc6 g5 30. b4 Nb8 31. Rc8 Bd6 32. Nc5 Re7 33. Bd8 Re8 34. Nb7 Bxb4 35. Rxb8 a5 36. Nxa5 Bxa5 37. Rb7+ Kg6 38. Bxa5 1-0

[Event "Landesliga Nord 0708"]
[Site "Bayern"]
[Date "2008.02.17"]
[Round "6.5"]
[White "Scheidt, Karlheinz"]
[Black "Dirmeier, Matthias"]
[Result "1-0"]
[WhiteElo "2106"]
[BlackElo "1971"]
[PlyCount "71"]
[EventDate "2007.10.21"]
[EventType "team-tourn"]
[EventRounds "9"]
[EventCountry "GER"]
[SourceTitle "EXT 2009"]
[Source "ChessBase"]
[SourceDate "2008.11.26"]
[SourceVersion "1"]
[SourceVersionDate "2008.11.26"]
[SourceQuality "1"]
[WhiteTeam "Burgsinn"]
[BlackTeam "Schwandorf"]
[WhiteTeamCountry "GER"]
[BlackTeamCountry "GER"]

1. e4 c6 2. d4 d5 3. e5 Bf5 4. c4 Bxb1 5. Rxb1 e6 6. a3 dxc4 7. Bxc4 Nd7 8. Nf3 Ne7 9. 0-0 Nb6 10. Bd3 Ng6 11. Kh1 Be7 12. Qe2 Nd5 13. g3 0-0 14. h4 Re8 15. Qe4 Qb6 16. Kg2 Red8 17. Bg5 c5 18. dxc5 Qxc5 19. Rbc1 Qb6 20. Rfd1 Rac8 21. h5 Nf8 22. h6 g6 23. Bxe7 Nxe7 24. Rxc8 Rxc8 25. Qh4 Nf5 26. Bxf5 exf5 27. Rd6 Qc7 28. Qf6 Ne6 29. Ng5 Re8 30. Nxe6 fxe6 31. Rxe6 Rxe6 32. Qxe6+ Kf8 33. Qf6+ Kg8 34. e6 f4 35. e7 f3+ 36. Kh2 1-0

[Event "Landesliga Nord 0708"]
[Site "Bayern"]
[Date "2007.11.25"]
[Round "3.5"]
[White "Kotz, Reinhard"]
[Black "Scheidt, Karlheinz"]
[Result "0-1"]
[WhiteElo "2053"]
[BlackElo "2106"]
[PlyCount "62"]
[EventDate "2007.10.21"]
[EventType "team-tourn"]
[EventRounds "9"]
[EventCountry "GER"]
[SourceTitle "EXT 2009"]
[Source "ChessBase"]
[SourceDate "2008.11.26"]
[SourceVersion "1"]
[SourceVersionDate "2008.11.26"]
[SourceQuality "1"]
[WhiteTeam "Puschendorf"]
[BlackTeam "Burgsinn"]
[WhiteTeamCountry "GER"]
[BlackTeamCountry "GER"]

1. e4 g6 2. Nc3 Bg7 3. d4 c6 4. Be3 d5 5. Qd2 dxe4 6. Nxe4 Nd7 7. Bc4 Ngf6 8. Ng5 0-0 9. Ne2 Nb6 10. Bb3 a5 11. a3 a4 12. Ba2 Nbd5 13. Nc3 Nxc3 14. Qxc3 h6 15. Nf3 Ne4 16. Qb4 Bg4 17. Ne5 c5 18. Qxb7 Nd6 19. Qc6 cxd4 20. Bxd4 Bf5 21. 0-0 Be4 22. Qc5 Ra5 23. Qc3 Nb5 24. Qb4 Nxd4 25. Nxf7 Rxf7 26. c3 Rg5 27. Bxf7+ Kxf7 28. f3 Nxf3+ 29. Kh1 Qd2 30. Qc4+ e6 31. Qc7+ Kg8 0-1

[Event "Regionalliga NW 0607"]
[Site "Bayern"]
[Date "2007.04.22"]
[Round "9.4"]
[White "Scheidt, Karlheinz"]
[Black "Kraich, Klaus"]
[Result "1-0"]
[WhiteElo "2093"]
[BlackElo "2055"]
[PlyCount "81"]
[EventDate "2006.10.15"]
[EventType "team-tourn"]
[EventRounds "9"]
[EventCountry "GER"]
[SourceTitle "EXT 2008"]
[Source "ChessBase"]
[SourceDate "2007.11.25"]
[SourceVersion "1"]
[SourceVersionDate "2007.11.25"]
[SourceQuality "1"]
[WhiteTeam "Burgsinn"]
[BlackTeam "Klingenberg"]
[WhiteTeamCountry "GER"]
[BlackTeamCountry "GER"]

1. e4 c5 2. Nf3 Nc6 3. Bb5 g6 4. 0-0 Bg7 5. c3 a6 6. Bxc6 dxc6 7. d3 Nf6 8. h3 0-0 9. Re1 b6 10. e5 Nd5 11. Qe2 a5 12. a3 Ba6 13. Qe4 e6 14. Nbd2 Ne7 15. c4 Qd7 16. Nf1 Rfd8 17. Bg5 h6 18. Bf6 Bxf6 19. exf6 Nf5 20. Rad1 Qe8 21. Qf4 Kh7 22. Re4 Qf8 23. Ne5 Rac8 24. Nh2 Rd4 25. Rxd4 Nxd4 26. Re1 Nf5 27. Re4 Rd8 28. Nhf3 Bb7 29. h4 Nd6 30. Re1 Qg8 31. Kh2 b5 32. Rh1 Qf8 33. Kg1 bxc4 34. dxc4 h5 35. g4 hxg4 36. h5 g5 37. Nxg5+ Kg8 38. Qxg4 Kh8 39. Ngxf7+ Nxf7 40. Ng6+ Kh7 41. Nxf8+ 1-0

[Event "Regionalliga NW 0607"]
[Site "Bayern"]
[Date "2006.10.29"]
[Round "2.5"]
[White "Neuberg, Hans Gerhard"]
[Black "Scheidt, Karlheinz"]
[Result "0-1"]
[WhiteElo "2040"]
[BlackElo "2093"]
[PlyCount "80"]
[EventDate "2006.10.15"]
[EventType "team-tourn"]
[EventRounds "9"]
[EventCountry "GER"]
[SourceTitle "EXT 2008"]
[Source "ChessBase"]
[SourceDate "2007.11.25"]
[SourceVersion "1"]
[SourceVersionDate "2007.11.25"]
[SourceQuality "1"]
[WhiteTeam "Kronach"]
[BlackTeam "Burgsinn"]
[WhiteTeamCountry "GER"]
[BlackTeamCountry "GER"]

1. e4 g6 2. d4 Bg7 3. Nc3 c6 4. Bc4 d6 5. Nf3 Nf6 6. h3 0-0 7. Be3 b5 8. Bd3 b4 9. Ne2 Qc7 10. c4 c5 11. d5 Nbd7 12. Qd2 Re8 13. Bh6 Bh8 14. 0-0 a5 15. Rab1 Nb6 16. Ng3 Ba6 17. Qc2 a4 18. Rbe1 Nfd7 19. Nd2 Rab8 20. b3 axb3 21. axb3 Ra8 22. f4 e6 23. f5 Ne5 24. fxe6 fxe6 25. Be2 Qe7 26. Nf3 Nbd7 27. dxe6 Nxf3+ 28. Rxf3 Ne5 29. Rff1 Qh4 30. Bf4 Rxe6 31. Bf3 Qxf4 32. Bg4 Qxg3 33. Bxe6+ Kg7 34. Qf2 Qxf2+ 35. Rxf2 Re8 36. Bd5 Kh6 37. Ra1 Nd3 38. Rxa6 Bd4 39. Rxd6 Nxf2 40. Kf1 Nxe4 0-1

[Event "Unterfranken-ch M1 57th"]
[Site "Prichsenstadt"]
[Date "2006.04.22"]
[Round "9"]
[White "Scheidt, Karlheinz"]
[Black "Hofstetter, Hans Joachim"]
[Result "0-1"]
[WhiteElo "2093"]
[BlackElo "2104"]
[PlyCount "96"]
[EventDate "2006.04.17"]
[EventType "swiss"]
[EventRounds "9"]
[EventCountry "GER"]
[SourceTitle "EXT 2015"]
[Source "ChessBase"]
[SourceDate "2014.11.20"]
[SourceVersion "1"]
[SourceVersionDate "2014.11.20"]
[SourceQuality "1"]

1. e4 e5 2. Nf3 Nc6 3. Bb5 a6 4. Ba4 Nf6 5. 0-0 Be7 6. Re1 b5 7. Bb3 0-0 8. h3 d6 9. c3 Bb7 10. d4 Re8 11. Nbd2 Bf8 12. Bc2 h6 13. Nf1 exd4 14. cxd4 Nb4 15. d5 Nxc2 16. Qxc2 Qd7 17. Bf4 c6 18. dxc6 Qxc6 19. Qxc6 Bxc6 20. e5 Nh5 21. Bh2 Bxf3 22. gxf3 dxe5 23. Rxe5 Rxe5 24. Bxe5 Re8 25. Re1 Nf4 26. Re4 Nxh3+ 27. Kg2 Ng5 28. Re3 Bc5 29. Bd4 Rxe3 30. Bxe3 Ne6 31. Nd2 f5 32. Nb3 Bd6 33. Nc1 Nc7 34. Nd3 Nd5 35. Bd2 Kf7 36. Kf1 g5 37. Ne1 Ke6 38. Nc2 Bc5 39. Ne1 Bb4 40. Bxb4 Nxb4 41. a3 Nc6 42. f4 Kd5 43. Ke2 Kc4 44. Kd2 g4 45. Ng2 Kd4 46. Nh4 Ke4 47. Ng6 h5 48. Ke2 Nd4+ 0-1

[Event "Unterfranken-ch M1 57th"]
[Site "Prichsenstadt"]
[Date "2006.04.20"]
[Round "6"]
[White "Scheidt, Karlheinz"]
[Black "Schmid, Michael1111"]
[Result "1/2-1/2"]
[WhiteElo "2093"]
[BlackElo "2135"]
[PlyCount "49"]
[EventDate "2006.04.17"]
[EventType "swiss"]
[EventRounds "9"]
[EventCountry "GER"]
[SourceTitle "EXT 2015"]
[Source "ChessBase"]
[SourceDate "2014.11.20"]
[SourceVersion "1"]
[SourceVersionDate "2014.11.20"]
[SourceQuality "1"]

1. e4 c6 2. d4 d5 3. e5 Bf5 4. c4 dxc4 5. Bxc4 e6 6. Nc3 Ne7 7. Nge2 Nd5 8. 0-0 Nd7 9. Ng3 Bg6 10. f4 Qb6 11. Bxd5 cxd5 12. f5 exf5 13. Nxd5 Qc6 14. Qb3 Nb6 15. Ne3 0-0-0 16. Ngxf5 Kb8 17. Bd2 Qe6 18. Qc3 Nd5 19. Nxd5 Qxd5 20. Be3 Rc8 21. Qd2 f6 22. Kh1 Bd6 23. Rae1 Rhf8 24. exd6 Bxf5 25. Bf4 1/2-1/2